Identity / (Record no. 4013)

MARC details
000 -LEADER
fixed length control field 00714cam a2200241 4500
001 - CONTROL NUMBER
control field 4831
005 - DATE AND TIME OF LATEST TRANSACTION
control field 20181127174224.0
008 - FIXED-LENGTH DATA ELEMENTS--GENERAL INFORMATION
fixed length control field 970918s1998 nyu 000 1 eng
010 ## - LIBRARY OF CONGRESS CONTROL NUMBER
LC control number 97031907
020 ## - INTERNATIONAL STANDARD BOOK NUMBER
International Standard Book Number 9780571195671
041 1# - LANGUAGE CODE
Language code of text/sound track or separate title eng
Language code of original fre
100 1# - MAIN ENTRY--PERSONAL NAME
Personal name Kundera, Milan.
240 10 - UNIFORM TITLE
Uniform title Identit�.
Language of a work English
245 10 - TITLE STATEMENT
Title Identity /
Statement of responsibility, etc. Milan Kundera ; translated from the French by Linda Asher.
250 ## - EDITION STATEMENT
Edition statement 1st ed.
260 ## - PUBLICATION, DISTRIBUTION, ETC.
Place of publication, distribution, etc. New York :
Name of publisher, distributor, etc. HarperFlamingo,
Date of publication, distribution, etc. c1998.
300 ## - PHYSICAL DESCRIPTION
Extent 168 p. ;
Dimensions 22 cm.
650 #0 - SUBJECT ADDED ENTRY--TOPICAL TERM
Topical term or geographic name entry element Identity (Psychology)
General subdivision Fiction.
Topical term or geographic name entry element Man-woman relationships
General subdivision Fiction.
655 #7 - INDEX TERM--GENRE/FORM
Genre/form data or focus term Psychological fiction.
Source of term lcsh
700 1# - ADDED ENTRY--PERSONAL NAME
Personal name Asher, Linda.
Holdings
Withdrawn status Lost status Source of classification or shelving scheme Damaged status Not for loan Collection code Home library Current library Shelving location Date acquired Serial Enumeration / chronology Inventory number Total Checkouts Total Renewals Full call number Barcode Date last seen Date last checked out Price effective from Koha item type
    Dewey Decimal Classification     Fiction RTC Library RTC Library Fiction 07/04/2022 7660 2 3 FIC 813.54 KUN 30007967 03/01/2022 11/03/2020 27/11/2018 Fiction
Royal Thimphu College || All Right Reserved